[Event "Elekes Memorial IM"]
[Site "Budapest"]
[Date "2000.05.28"]
[Round "7"]
[White "Nakamura, Hikaru"]
[Black "Zimmerman, Yuri"]
[Result "1/2-1/2"]
[WhiteElo "2261"]
[BlackElo "2397"]
[PlyCount "43"]
[EventDate "2000.05.??"]
[EventType "tourn"]
[EventRounds "11"]
[EventCountry "HUN"]
[EventCategory "4"]
[SourceTitle "EXT 2002"]
[Source "ChessBase"]
[SourceDate "2001.11.25"]
[SourceVersion "1"]
[SourceVersionDate "2001.11.25"]
[SourceQuality "1"]

1. e4 d6 2. d4 Nf6 3. Nc3 g6 4. f4 Bg7 5. Nf3 c5 6. Bb5+ Bd7 7. e5 Ng4 8. e6
Bxb5 9. exf7+ Kd7 10. Nxb5 Qa5+ 11. Nc3 cxd4 12. Nxd4 Bxd4 13. Qxd4 Nc6 14. Qc4
Qb6 15. Qe2 h5 16. Bd2 Nd4 17. Qd3 Nf5 18. Ne4 Rac8 19. Bc3 Rhf8 20. O-O-O Qe3+
21. Qxe3 Ngxe3 22. Rd2 1/2-1/2

[Event "Elekes Memorial IM"]
[Site "Budapest"]
[Date "2000.05.29"]
[Round "8"]
[White "Friedrichs, Klaus"]
[Black "Nakamura, Hikaru"]
[Result "1-0"]
[WhiteElo "2248"]
[BlackElo "2261"]
[PlyCount "91"]
[EventDate "2000.05.??"]
[EventType "tourn"]
[EventRounds "11"]
[EventCountry "HUN"]
[EventCategory "4"]
[SourceTitle "EXT 2002"]
[Source "ChessBase"]
[SourceDate "2001.11.25"]
[SourceVersion "1"]
[SourceVersionDate "2001.11.25"]
[SourceQuality "1"]

1. Nf3 Nf6 2. c4 g6 3. Nc3 Bg7 4. e4 d6 5. d4 O-O 6. Be2 e5 7. O-O Nc6 8. d5
Ne7 9. Ne1 Nd7 10. Be3 f5 11. f3 f4 12. Bf2 g5 13. a4 Nf6 14. c5 Ng6 15. a5 h5
16. cxd6 cxd6 17. Nb5 g4 18. Nxa7 Bd7 19. Bb5 g3 20. Bb6 gxh2+ 21. Kh1 Qe7 22.
Rc1 Ne8 23. Nd3 h4 24. Bxd7 Qxd7 25. Nf2 Rf7 26. Nh3 Bf6 27. Rc4 Rg7 28. Qc2
Nf8 29. Rc8 Rxc8 30. Qxc8 Qf7 31. Rf2 Kh8 32. Nb5 Kh7 33. b4 Qd7 34. Qxd7 Nxd7
35. Ba7 Bd8 36. Rc2 Ndf6 37. Bb6 Rd7 38. Ng5+ Kh6 39. Ne6 Be7 40. Rc8 Kg6 41.
Nbc7 Nxc7 42. Rxc7 Bd8 43. Rxd7 Nxd7 44. Nxd8 Nb8 45. Nxb7 Kf6 46. Nxd6 1-0

[Event "Elekes Memorial IM"]
[Site "Budapest"]
[Date "2000.05.30"]
[Round "9"]
[White "Nakamura, Hikaru"]
[Black "Petran, Pal"]
[Result "1/2-1/2"]
[WhiteElo "2261"]
[BlackElo "2374"]
[PlyCount "120"]
[EventDate "2000.05.??"]
[EventType "tourn"]
[EventRounds "11"]
[EventCountry "HUN"]
[EventCategory "4"]
[SourceTitle "EXT 2002"]
[Source "ChessBase"]
[SourceDate "2001.11.25"]
[SourceVersion "1"]
[SourceVersionDate "2001.11.25"]
[SourceQuality "1"]

1. e4 e5 2. Nf3 Nc6 3. d4 exd4 4. Nxd4 Nf6 5. Nc3 Bb4 6. Nxc6 bxc6 7. Bd3 d5 8.
e5 Ng4 9. Bf4 f6 10. h3 Nxe5 11. Bxe5 fxe5 12. Qh5+ Kf8 13. Qxe5 Qe7 14. Qxe7+
Bxe7 15. O-O-O Kf7 16. Ne2 Rb8 17. c3 c5 18. Bc2 c6 19. Rhe1 Bd7 20. Ng1 Bd6
21. Nf3 Kf6 22. c4 Be6 23. Kb1 h6 24. g4 Bf4 25. Nh4 Rhe8 26. Ba4 Red8 27. Bxc6
dxc4 28. Rxd8 Rxd8 29. Nf3 g5 30. Kc2 Bf7 31. Be4 h5 32. Bf5 hxg4 33. hxg4 Bd5
34. Rd1 Rd6 35. Nd2 Be5 36. Be4 Be6 37. Bf3 Ke7 38. Re1 Bxb2 39. Nxc4 Bd4 40.
Nxd6 Kxd6 41. a4 Bxf2 42. Rb1 Ke5 43. Rf1 Bg3 44. Be2 a5 45. Kc3 Ke4 46. Rf8
Be5+ 47. Kd2 Bf4+ 48. Kc3 Be5+ 49. Kc2 Bd7 50. Kb3 Be6+ 51. Ka3 c4 52. Re8 Bd7
53. Re7 Bc8 54. Bxc4 Bxg4 55. Bd3+ Kd4 56. Kb3 Bd1+ 57. Bc2 Bf3 58. Bf5 Bd1+
59. Bc2 Bf3 60. Bf5 Bd1+ 1/2-1/2

[Event "Elekes Memorial IM"]
[Site "Budapest"]
[Date "2000.05.31"]
[Round "10"]
[White "Nakamura, Hikaru"]
[Black "Lorincz, Istvan"]
[Result "1-0"]
[WhiteElo "2261"]
[BlackElo "2380"]
[PlyCount "41"]
[EventDate "2000.05.??"]
[EventType "tourn"]
[EventRounds "11"]
[EventCountry "HUN"]
[EventCategory "4"]
[SourceTitle "EXT 2002"]
[Source "ChessBase"]
[SourceDate "2001.11.25"]
[SourceVersion "1"]
[SourceVersionDate "2001.11.25"]
[SourceQuality "1"]

1. e4 c6 2. d4 d5 3. exd5 cxd5 4. Bd3 Nc6 5. c3 Qc7 6. Ne2 Bg4 7. f3 Bh5 8. Nf4
Nf6 9. g4 Bg6 10. g5 Nh5 11. Nxd5 Qd6 12. Be4 e6 13. Ne3 O-O-O 14. Na3 a6 15.
Bd2 Be7 16. Nec4 Qc7 17. Qb3 Ng3 18. Bxc6 Nxh1 19. Bf4 Rd6 20. Nxd6+ Bxd6 21.
Qxb7+ 1-0

[Event "Elekes Memorial IM"]
[Site "Budapest"]
[Date "2000.06.01"]
[Round "11"]
[White "Zivanic, Marko"]
[Black "Nakamura, Hikaru"]
[Result "1-0"]
[WhiteElo "2317"]
[BlackElo "2261"]
[PlyCount "111"]
[EventDate "2000.05.??"]
[EventType "tourn"]
[EventRounds "11"]
[EventCountry "HUN"]
[EventCategory "4"]
[SourceTitle "EXT 2002"]
[Source "ChessBase"]
[SourceDate "2001.11.25"]
[SourceVersion "1"]
[SourceVersionDate "2001.11.25"]
[SourceQuality "1"]

1. d4 Nf6 2. c4 g6 3. Nc3 d5 4. Nf3 Bg7 5. Bg5 Ne4 6. cxd5 Nxc3 7. bxc3 Qxd5 8.
e3 c5 9. Be2 Nc6 10. O-O cxd4 11. cxd4 O-O 12. Qa4 Bg4 13. Bh4 Qd7 14. Qb3 e5
15. dxe5 Rae8 16. Rfd1 Qc8 17. Rac1 Qb8 18. Rb1 b6 19. Qa3 Rc8 20. Rbc1 Bxf3
21. Bxf3 Nxe5 22. Be2 b5 23. Qa6 b4 24. Be7 Rfe8 25. Rxc8 Rxc8 26. Bxb4 Rc6 27.
Qa5 Bf6 28. a3 Rc2 29. Bd6 Qe8 30. Bf1 Ng4 31. Rb1 Bd8 32. Qxa7 Rxf2 33. Rb8
Rd2 34. Qe7 Bxe7 35. Rxe8+ Kg7 36. Bxe7 Rd1 37. Bc5 Nf6 38. Bd4 Rxd4 39. exd4
Nxe8 40. a4 Nd6 41. a5 Nc8 42. Kf2 Kf8 43. a6 Na7 44. Bc4 Ke7 45. Ke3 f5 46.
Bg8 h6 47. Bh7 Kf6 48. d5 g5 49. Kd4 f4 50. Kc5 g4 51. Kb6 Nc8+ 52. Kb7 Nd6+
53. Kb8 Nb5 54. Bd3 g3 55. hxg3 f3 56. gxf3 1-0

[Event "Chesswise int op"]
[Site "Stratton Mountain"]
[Date "2000.07.11"]
[Round "2"]
[White "Atalik, Suat"]
[Black "Nakamura, Hikaru"]
[Result "1-0"]
[WhiteElo "2549"]
[BlackElo "2281"]
[Annotator "Atalik,S"]
[PlyCount "65"]
[EventDate "2000.07.10"]
[EventType "swiss"]
[EventRounds "9"]
[EventCountry "USA"]
[SourceTitle "EXT 2002"]
[Source "ChessBase"]
[SourceDate "2001.11.25"]
[SourceVersion "1"]
[SourceVersionDate "2001.11.25"]
[SourceQuality "1"]

1. d4 Nf6 2. c4 g6 3. Nc3 d5 4. cxd5 Nxd5 5. e4 Nxc3 6. bxc3 Bg7 7. Be3 c5 8.
Qd2 Nc6 $2 9. d5 Qa5 10. Rc1 Ne5 11. Be2 O-O 12. c4 $5 (12. f4 Nd7) 12... Qc7
$6 (12... Qxd2+ 13. Kxd2 b6 14. f4 Ng4 15. Bxg4 Bxg4 16. h3 Bd7 17. Nf3 $16)
13. f4 Ng4 14. Bxg4 Bxg4 15. h3 (15. f5 $2 Qe5 16. h3 Bh5 17. g4 Qxe4 18. Rh2
gxf5 $19) 15... Bc8 16. Nf3 b6 17. O-O Bb7 18. f5 e6 19. fxe6 $1 (19. Bh6 exf5
20. exf5 f6 $16 (20... Qd6 $2 21. Bxg7 Kxg7 22. Ng5 $18)) 19... fxe6 20. Ng5
exd5 21. Ne6 $1 (21. Rxf8+ $6 Bxf8 22. exd5 Re8 $14) 21... Qd6 (21... Qe5 22.
exd5 Rxf1+ 23. Rxf1 Qb2 24. Qe1 $40 (24. Qxb2 Bxb2 25. Rb1 Bh8 26. Nxc5 $16))
22. exd5 Rxf1+ 23. Rxf1 Ba6 $2 (23... Be5 24. Qf2 Qe7 25. Bg5 $18) 24. Nxg7
Bxc4 (24... Kxg7 25. Bh6+ Kg8 26. Qf2 Qe7 27. d6 $18) 25. Rd1 (25. Nf5 $5 gxf5
26. Rxf5 Rf8 27. Bf4 Qe7 28. Rg5+ Kf7 29. Qc3 $18) 25... Qxd5 26. Qxd5+ Bxd5
27. Rxd5 Kxg7 28. Rd7+ Kf6 29. Rxh7 $18 Re8 30. Kf2 a6 31. Ra7 a5 32. Rb7 Re6
33. Bf4 1-0

[Event "Wch U14"]
[Site "Oropesa del Mar"]
[Date "2000.10.14"]
[Round "4"]
[White "Nakamura, Hikaru"]
[Black "Harikrishna, Pentala"]
[Result "1/2-1/2"]
[WhiteElo "2281"]
[BlackElo "2500"]
[PlyCount "44"]
[EventDate "2000.10.11"]
[EventType "swiss"]
[EventRounds "11"]
[EventCountry "ESP"]
[SourceTitle "EXT 2001"]
[Source "ChessBase"]
[SourceDate "2000.11.22"]
[SourceVersion "1"]
[SourceVersionDate "2000.11.22"]
[SourceQuality "1"]

1. e4 e6 2. d4 d5 3. Nc3 Bb4 4. e5 Ne7 5. Bd2 c5 6. Nb5 Bxd2+ 7. Qxd2 O-O 8. c3
Nbc6 9. f4 cxd4 10. cxd4 Nf5 11. Nf3 a6 12. Nc3 f6 13. Bd3 fxe5 14. Bxf5 Rxf5
15. dxe5 Qb6 16. Ne2 Bd7 17. Ned4 Nxd4 18. Nxd4 Rff8 19. O-O Bb5 20. Rfc1 Rac8
21. b3 Be2 22. Kh1 Bh5 1/2-1/2

[Event "Wch U14"]
[Site "Oropesa del Mar"]
[Date "2000.10.17"]
[Round "6"]
[White "Nakamura, Hikaru"]
[Black "Halay, Taufik"]
[Result "1-0"]
[WhiteElo "2281"]
[BlackElo "2198"]
[PlyCount "79"]
[EventDate "2000.10.11"]
[EventType "swiss"]
[EventRounds "11"]
[EventCountry "ESP"]
[SourceTitle "EXT 2001"]
[Source "ChessBase"]
[SourceDate "2000.11.22"]
[SourceVersion "1"]
[SourceVersionDate "2000.11.22"]
[SourceQuality "1"]

1. e4 c5 2. Nf3 d6 3. d4 cxd4 4. Nxd4 Nf6 5. Nc3 g6 6. Be3 Bg7 7. f3 O-O 8. Qd2
Nc6 9. O-O-O d5 10. Nxc6 bxc6 11. exd5 Nxd5 12. Nxd5 cxd5 13. Qxd5 Qc7 14. Qc5
Qb7 15. Qa3 Bf5 16. Bd3 Rab8 17. b3 Bxd3 18. Rxd3 Rfc8 19. Rhd1 Qc7 20. c4 a5
21. g3 Rb4 22. Bd2 Rxc4+ 23. bxc4 Qxc4+ 24. Bc3 Bxc3 25. Rd8+ Rxd8 26. Rxd8+
Kg7 27. Qb3 Qc6 28. Rd3 Bd4+ 29. Qc2 Qb6 30. Qd2 e5 31. Rb3 Qa6 32. Qd3 Qc6+
33. Kd2 a4 34. Rb4 a3 35. Qb3 Bb2 36. Rb7 Qf6 37. Ke2 Qa6+ 38. Kf2 Qf6 39. Qb4
Qc6 40. Rb8 {Time} 1-0

[Event "Wch U14"]
[Site "Oropesa del Mar"]
[Date "2000.10.19"]
[Round "8"]
[White "Wang, Yue"]
[Black "Nakamura, Hikaru"]
[Result "1-0"]
[WhiteElo "2440"]
[BlackElo "2281"]
[PlyCount "99"]
[EventDate "2000.10.11"]
[EventType "swiss"]
[EventRounds "11"]
[EventCountry "ESP"]
[SourceTitle "EXT 2001"]
[Source "ChessBase"]
[SourceDate "2000.11.22"]
[SourceVersion "1"]
[SourceVersionDate "2000.11.22"]
[SourceQuality "1"]

1. d4 Nf6 2. c4 g6 3. Nc3 d5 4. Nf3 Bg7 5. Bf4 c5 6. dxc5 Qa5 7. cxd5 Nxd5 8.
Qxd5 Bxc3+ 9. Bd2 Bxd2+ 10. Qxd2 Qxc5 11. Rc1 Qf5 12. Nd4 Qd7 13. Qh6 Nc6 14.
Nxc6 bxc6 15. Qg7 Rf8 16. e3 Qd5 17. Qc3 Rb8 18. Rd1 Qe4 19. a3 Bf5 20. Rc1 f6
21. f3 Qe5 22. Qxe5 fxe5 23. e4 Bd7 24. b4 Kf7 25. Rc5 Kf6 26. Bc4 Rfd8 27. Ke2
Be8 28. Rd1 Rd6 29. h4 Rbd8 30. Bb3 Rxd1 31. Bxd1 Ke6 32. Ba4 Kd6 33. Ra5 Ra8
34. Kd3 a6 35. Bb3 Bd7 36. Bc4 Bc8 37. Ke3 h6 38. Kf2 e6 39. Ke3 Bb7 40. g3 g5
41. hxg5 hxg5 42. Kf2 Rf8 43. Kg2 g4 44. fxg4 Rg8 45. Bxa6 Bxa6 46. Rxa6 Rxg4
47. Kf3 Rg7 48. b5 Kc5 49. Rxc6+ Kd4 50. Rd6+ 1-0

[Event "Wch U14"]
[Site "Oropesa del Mar"]
[Date "2000.10.20"]
[Round "9"]
[White "Nakamura, Hikaru"]
[Black "Martyn, Rafe"]
[Result "1-0"]
[WhiteElo "2281"]
[BlackElo "2102"]
[PlyCount "67"]
[EventDate "2000.10.11"]
[EventType "swiss"]
[EventRounds "11"]
[EventCountry "ESP"]
[SourceTitle "EXT 2001"]
[Source "ChessBase"]
[SourceDate "2000.11.22"]
[SourceVersion "1"]
[SourceVersionDate "2000.11.22"]
[SourceQuality "1"]

1. e4 c5 2. Nf3 d6 3. d4 cxd4 4. Nxd4 Nf6 5. Nc3 g6 6. Be3 Bg7 7. f3 Nc6 8. Qd2
O-O 9. O-O-O Bd7 10. g4 Ne5 11. h4 Rc8 12. h5 Qa5 13. Kb1 Nxf3 14. Nxf3 Rxc3
15. Qxc3 Qxc3 16. bxc3 Bxg4 17. Be2 Nxe4 18. Bd2 Nf2 19. Rdg1 Bxf3 20. Bxf3
Nxh1 21. Rxh1 Rc8 22. Kb2 d5 23. hxg6 hxg6 24. Kb3 Rc5 25. Re1 e5 26. Be3 Rb5+
27. Ka4 Rb2 28. Bxd5 Bf6 29. Bb3 Be7 30. Ra1 Kg7 31. Bc1 Rxb3 32. cxb3 f5 33.
Kb5 f4 34. Kc4 1-0

[Event "Wch U14"]
[Site "Oropesa del Mar"]
[Date "2000.10.22"]
[Round "10"]
[White "Borisek, Jure"]
[Black "Nakamura, Hikaru"]
[Result "1/2-1/2"]
[WhiteElo "2089"]
[BlackElo "2281"]
[PlyCount "64"]
[EventDate "2000.10.11"]
[EventType "swiss"]
[EventRounds "11"]
[EventCountry "ESP"]
[SourceTitle "EXT 2001"]
[Source "ChessBase"]
[SourceDate "2000.11.22"]
[SourceVersion "1"]
[SourceVersionDate "2000.11.22"]
[SourceQuality "1"]

1. e4 c5 2. Nf3 d6 3. d4 cxd4 4. Nxd4 Nf6 5. Nc3 a6 6. Bc4 e6 7. Bb3 b5 8. O-O
b4 9. Na4 Bd7 10. c3 bxc3 11. Nxc3 Be7 12. f4 Nc6 13. Kh1 O-O 14. Be3 Qa5 15.
Qf3 Rac8 16. f5 Ne5 17. Qe2 d5 18. exd5 Nxd5 19. Nxd5 exd5 20. Bf4 Bf6 21. Bxe5
Rfe8 22. Ne6 fxe6 23. Bxf6 gxf6 24. Qg4+ Kh8 25. Qh4 Rf8 26. fxe6 Bxe6 27. Rae1
Bg8 28. Re7 Qc5 29. Rfe1 Rc7 30. Rxc7 Qxc7 31. Qd4 Qd6 32. h3 a5 1/2-1/2

[Event "Wch U14"]
[Site "Oropesa del Mar"]
[Date "2000.10.23"]
[Round "11"]
[White "Nakamura, Hikaru"]
[Black "Stellwagen, Daniel"]
[Result "1-0"]
[WhiteElo "2281"]
[BlackElo "2285"]
[PlyCount "83"]
[EventDate "2000.10.11"]
[EventType "swiss"]
[EventRounds "11"]
[EventCountry "ESP"]
[SourceTitle "EXT 2001"]
[Source "ChessBase"]
[SourceDate "2000.11.22"]
[SourceVersion "1"]
[SourceVersionDate "2000.11.22"]
[SourceQuality "1"]

1. e4 e6 2. d4 d5 3. Nc3 Nf6 4. e5 Nfd7 5. Nce2 c5 6. c3 Nc6 7. f4 Be7 8. Nf3
cxd4 9. cxd4 f5 10. Nc3 O-O 11. Bd3 Nb6 12. O-O Bd7 13. a3 a5 14. b3 a4 15. b4
Na7 16. Nd2 Qe8 17. Qe2 Rc8 18. Bb2 Kh8 19. g4 fxg4 20. Qxg4 Nc4 21. Nxc4 dxc4
22. Be4 Bc6 23. Bxc6 Qxc6 24. Qg2 Qd7 25. d5 Bd8 26. Rac1 Qf7 27. d6 Qd7 28.
Ne4 Bb6+ 29. Kh1 Nb5 30. Bc3 Rf5 31. Rf3 Rcf8 32. Bd2 Bd4 33. Rcf1 h6 34. Be3
Bxe3 35. Rxe3 Rxf4 36. Rxf4 Rxf4 37. Nc5 Qf7 38. Re1 b6 39. Rd1 Qg8 40. d7 Rd4
41. Rxd4 Nxd4 42. Nb7 1-0

[Event "USA-ch U20"]
[Site "Tulsa"]
[Date "2001.??.??"]
[Round "1"]
[White "Sarkar, Justin"]
[Black "Nakamura, Hikaru"]
[Result "1/2-1/2"]
[WhiteElo "2406"]
[BlackElo "2452"]
[PlyCount "32"]
[EventDate "2001.??.??"]
[EventType "tourn"]
[EventRounds "9"]
[EventCountry "USA"]
[EventCategory "4"]
[SourceTitle "EXT 2006"]
[Source "ChessBase"]
[SourceDate "2005.11.24"]
[SourceVersion "1"]
[SourceVersionDate "2005.11.24"]
[SourceQuality "1"]

1. e4 c5 2. Nf3 d6 3. d4 cxd4 4. Nxd4 Nf6 5. Nc3 a6 6. Be2 e5 7. Nb3 Be7 8. Be3
O-O 9. O-O Be6 10. Nd5 Bxd5 11. exd5 Nbd7 12. Qd3 Ne8 13. a4 Bg5 14. Bg4 Bxe3
15. fxe3 Nef6 16. Bxd7 Nxd7 1/2-1/2

[Event "USA-ch U20"]
[Site "Tulsa"]
[Date "2001.??.??"]
[Round "2"]
[White "Nakamura, Hikaru"]
[Black "Bhat, Vinay S"]
[Result "1-0"]
[WhiteElo "2452"]
[BlackElo "2404"]
[PlyCount "79"]
[EventDate "2001.??.??"]
[EventType "tourn"]
[EventRounds "9"]
[EventCountry "USA"]
[EventCategory "4"]
[SourceTitle "EXT 2006"]
[Source "ChessBase"]
[SourceDate "2005.11.24"]
[SourceVersion "1"]
[SourceVersionDate "2005.11.24"]
[SourceQuality "1"]

1. e4 e6 2. d4 d5 3. Nc3 Nf6 4. e5 Nfd7 5. Nce2 c5 6. c3 Nc6 7. f4 f6 8. Nf3
Qb6 9. a3 cxd4 10. cxd4 Be7 11. Nc3 fxe5 12. fxe5 O-O 13. Na4 Qc7 14. Be3 Rb8
15. Nc3 a6 16. Bd3 b5 17. Qc2 h6 18. Ne2 Qb6 19. Qd2 Na5 20. Bc2 Nc4 21. Qd3
Rf5 22. Ng3 Nxe3 23. Qxe3 Qa5+ 24. b4 Bxb4+ 25. Ke2 Bc3 26. Bxf5 exf5 27. Nxf5
Bxa1 28. Ne7+ Kf8 29. Nc6 Qc3 30. Qxc3 Bxc3 31. Nxb8 Nb6 32. Rc1 Na4 33. Nh4 a5
34. Rf1+ Kg8 35. Nc6 Bg4+ 36. Ke3 b4 37. axb4 axb4 38. e6 Bxe6 39. Ne7+ Kh7 40.
Nhg6 1-0

[Event "USA-ch U20"]
[Site "Tulsa"]
[Date "2001.??.??"]
[Round "3"]
[White "Schneider, Dmitry"]
[Black "Nakamura, Hikaru"]
[Result "1-0"]
[WhiteElo "2405"]
[BlackElo "2452"]
[PlyCount "49"]
[EventDate "2001.??.??"]
[EventType "tourn"]
[EventRounds "9"]
[EventCountry "USA"]
[EventCategory "4"]
[SourceTitle "EXT 2006"]
[Source "ChessBase"]
[SourceDate "2005.11.24"]
[SourceVersion "1"]
[SourceVersionDate "2005.11.24"]
[SourceQuality "1"]

1. e4 c5 2. Nf3 d6 3. d4 cxd4 4. Nxd4 Nf6 5. Nc3 a6 6. h3 b5 7. Nd5 Nxe4 8. Qf3
Nc5 9. b4 e6 10. bxc5 exd5 11. c6 Be7 12. Qxd5 O-O 13. Bd3 Bf6 14. O-O Qc7 15.
Bb2 Bxd4 16. Qxd4 f5 17. a4 b4 18. Bc4+ Kh8 19. Bd5 a5 20. Rfe1 Ra6 21. Qh4
Nxc6 22. Bxc6 Qxc6 23. Re7 Rg8 24. Rxg7 Rxg7 25. Qd8+ 1-0

[Event "USA-ch U20"]
[Site "Tulsa"]
[Date "2001.??.??"]
[Round "4"]
[White "Nakamura, Hikaru"]
[Black "Winer, Steven"]
[Result "1-0"]
[WhiteElo "2452"]
[BlackElo "2331"]
[PlyCount "185"]
[EventDate "2001.??.??"]
[EventType "tourn"]
[EventRounds "9"]
[EventCountry "USA"]
[EventCategory "4"]
[SourceTitle "EXT 2006"]
[Source "ChessBase"]
[SourceDate "2005.11.24"]
[SourceVersion "1"]
[SourceVersionDate "2005.11.24"]
[SourceQuality "1"]

1. e4 c5 2. Nc3 Nc6 3. Nf3 e5 4. Bc4 Be7 5. d3 Nf6 6. Nd2 d6 7. Nf1 Be6 8. Ne3
O-O 9. O-O Nd4 10. a4 Rb8 11. Ncd5 a6 12. c3 Nc6 13. Bb3 Bxd5 14. exd5 Na7 15.
Nf5 Nc8 16. Qf3 Kh8 17. a5 Nd7 18. Qh3 Bf6 19. Ba4 b5 20. axb6 Ndxb6 21. Bc6
Na7 22. Ba4 Nxd5 23. Bc2 g6 24. Rxa6 Nc8 25. Qf3 Nc7 26. Rc6 Ne6 27. Nh6 Qe7
28. Ng4 Bg7 29. Ra6 Qb7 30. Qxb7 Rxb7 31. Ne3 Rd8 32. Ra8 Nc7 33. Ra2 f5 34.
Bd2 Ne6 35. Nd5 Nb6 36. Bb3 Nc7 37. Nxc7 Rxc7 38. Rfa1 Rb8 39. Ra7 Rxa7 40.
Rxa7 Nc8 41. Ra3 h5 42. Bc1 Kh7 43. f4 exf4 44. Bxf4 Bh6 45. Bxh6 Kxh6 46. Kf1
Kg5 47. Ke1 Ne7 48. Kd2 f4 49. Kc1 Kf6 50. Bd1 Rb6 51. Ra4 Ke5 52. Re4+ Kf6 53.
Rxf4+ Nf5 54. Ra4 Ke5 55. Bf3 d5 56. Ra5 Kd6 57. Ra8 d4 58. Rd8+ Ke6 59. Be4
Ra6 60. Kb1 dxc3 61. bxc3 Rb6+ 62. Kc1 Rb3 63. Kc2 Ra3 64. Kb2 Ra5 65. Rg8 Rb5+
66. Kc1 Kf7 67. Rc8 Ne7 68. Rc7 Ke6 69. c4 Ra5 70. Kb2 Kd6 71. Rb7 Ra6 72. Rb8
Ke5 73. Re8 Kd6 74. Kc3 Ra3+ 75. Kd2 Ra2+ 76. Ke3 Nf5+ 77. Kf4 Nh4 78. Kg3 Nf5+
79. Bxf5 gxf5 80. Rd8+ Ke6 81. Rd5 Rd2 82. h4 Rd1 83. Kf4 Rf1+ 84. Ke3 Rg1 85.
Rxc5 Rxg2 86. Rc6+ Kf7 87. Rh6 Rg4 88. Rxh5 f4+ 89. Ke4 Kg6 90. Rg5+ Rxg5 91.
hxg5 Kxg5 92. c5 Kg4 93. c6 1-0

[Event "USA-ch U20"]
[Site "Tulsa"]
[Date "2001.??.??"]
[Round "5"]
[White "Nakamura, Asuka"]
[Black "Nakamura, Hikaru"]
[Result "0-1"]
[WhiteElo "2141"]
[BlackElo "2452"]
[PlyCount "72"]
[EventDate "2001.??.??"]
[EventType "tourn"]
[EventRounds "9"]
[EventCountry "USA"]
[EventCategory "4"]
[SourceTitle "EXT 2006"]
[Source "ChessBase"]
[SourceDate "2005.11.24"]
[SourceVersion "1"]
[SourceVersionDate "2005.11.24"]
[SourceQuality "1"]

1. e4 d6 2. d4 g6 3. Nc3 Bg7 4. f4 Nc6 5. Be3 Nf6 6. h3 O-O 7. Qd2 e5 8. Nf3
exd4 9. Nxd4 Nxd4 10. Bxd4 Nxe4 11. Nxe4 Re8 12. O-O-O Rxe4 13. Bxg7 Kxg7 14.
Bd3 Re8 15. g4 Bd7 16. f5 Re5 17. Rdf1 f6 18. h4 Qe7 19. fxg6 hxg6 20. h5 g5
21. h6+ Kh8 22. Qf2 Rf8 23. Qxa7 Bxg4 24. Qxb7 Be6 25. Qb4 Qf7 26. a3 c5 27.
Qd2 c4 28. Be2 c3 29. bxc3 Qa7 30. Qd3 Rb8 31. Rxf6 Qe3+ 32. Qd2 Qxe2 33. Qxe2
Rxe2 34. Rh5 Ba2 35. Kd1 Rg2 36. h7 Rb1# 0-1

[Event "Eger Europe Chess"]
[Site "Eger"]
[Date "2001.02.16"]
[Round "1"]
[White "Nakamura, Hikaru"]
[Black "Kiss, Pal"]
[Result "1-0"]
[WhiteElo "2365"]
[BlackElo "2400"]
[PlyCount "69"]
[EventDate "2001.02.??"]
[EventType "tourn"]
[EventRounds "9"]
[EventCountry "HUN"]
[EventCategory "4"]
[SourceTitle "EXT 2004"]
[Source "ChessBase"]
[SourceDate "2003.11.25"]
[SourceVersion "1"]
[SourceVersionDate "2003.11.25"]
[SourceQuality "1"]

1. e4 c6 2. d4 d5 3. exd5 cxd5 4. Bd3 Nc6 5. c3 Nf6 6. Bf4 Bg4 7. Qb3 Qd7 8.
Nd2 e6 9. Ngf3 Bxf3 10. Nxf3 Bd6 11. Bxd6 Qxd6 12. O-O O-O 13. Rae1 Nd7 14. Qc2
g6 15. Qe2 Rfc8 16. h4 a6 17. h5 b5 18. Ne5 Ncxe5 19. dxe5 Qf8 20. f4 Nc5 21.
Bc2 Rab8 22. Qg4 Qg7 23. Qh4 b4 24. h6 Qf8 25. f5 Qd8 26. Qg4 exf5 27. Bxf5 Ne6
28. Bxe6 Qb6+ 29. Kh2 Qxe6 30. Qg5 Rc4 31. Kg3 Re8 32. Rf6 Qd7 33. cxb4 Rxb4
34. e6 Qd6+ 35. Kh3 1-0

[Event "Eger Europe Chess"]
[Site "Eger"]
[Date "2001.02.17"]
[Round "2"]
[White "Foldi, Istvan"]
[Black "Nakamura, Hikaru"]
[Result "1/2-1/2"]
[WhiteElo "2360"]
[BlackElo "2365"]
[PlyCount "68"]
[EventDate "2001.02.??"]
[EventType "tourn"]
[EventRounds "9"]
[EventCountry "HUN"]
[EventCategory "4"]
[SourceTitle "EXT 2004"]
[Source "ChessBase"]
[SourceDate "2003.11.25"]
[SourceVersion "1"]
[SourceVersionDate "2003.11.25"]
[SourceQuality "1"]

1. e4 c5 2. Nf3 d6 3. d4 cxd4 4. Nxd4 Nf6 5. Nc3 a6 6. Bg5 e6 7. f4 Be7 8. Qf3
Qc7 9. O-O-O Nbd7 10. g4 b5 11. Bxf6 Nxf6 12. g5 Nd7 13. f5 Bxg5+ 14. Kb1 Ne5
15. Qh5 Qe7 16. Nxe6 g6 17. Qxg5 fxe6 18. f6 Qd8 19. Bh3 O-O 20. Rhf1 Ra7 21.
Qd2 Nf7 22. Ne2 Rc7 23. Nf4 Re8 24. Qg2 Ne5 25. Nd3 Nc4 26. Qf2 Rf8 27. b3 Na3+
28. Ka1 e5 29. Bxc8 Qxc8 30. Nb4 Nxc2+ 31. Nxc2 Rxc2 32. f7+ Kg7 33. Qf6+ Kh6
34. Qh4+ Kg7 1/2-1/2

[Event "Eger Europe Chess"]
[Site "Eger"]
[Date "2001.02.18"]
[Round "3"]
[White "Nakamura, Hikaru"]
[Black "Hajnal, Zoltan"]
[Result "1-0"]
[WhiteElo "2365"]
[BlackElo "2350"]
[PlyCount "91"]
[EventDate "2001.02.??"]
[EventType "tourn"]
[EventRounds "9"]
[EventCountry "HUN"]
[EventCategory "4"]
[SourceTitle "EXT 2004"]
[Source "ChessBase"]
[SourceDate "2003.11.25"]
[SourceVersion "1"]
[SourceVersionDate "2003.11.25"]
[SourceQuality "1"]

1. e4 e5 2. Nf3 Nc6 3. d4 exd4 4. Nxd4 Bc5 5. Be3 Qf6 6. Nxc6 Bxe3 7. fxe3 dxc6
8. Qd4 c5 9. Qxc5 Qh4+ 10. g3 Qxe4 11. Nc3 Qe7 12. Qxe7+ Nxe7 13. Nb5 O-O 14.
Nxc7 Rb8 15. Nb5 Nd5 16. Kd2 Rd8 17. Bd3 a6 18. Nd4 Bh3 19. Rhe1 Rbc8 20. c3 b5
21. e4 Nf6 22. a4 Bd7 23. e5 Nd5 24. axb5 axb5 25. Ra6 b4 26. Rd6 bxc3+ 27.
bxc3 Nc7 28. Rb1 Bg4 29. Rb7 Ne6 30. Nc6 Rxc6 31. Rxc6 Bf3 32. Rbb6 Bxc6 33.
Rxc6 Kf8 34. Ke3 Rd5 35. Ke4 Ra5 36. Bc4 Nc5+ 37. Kd5 Nb7+ 38. Kd4 Nd8 39. Rc7
Ra1 40. Kc5 Rd1 41. Bd5 Rd2 42. Kd6 h5 43. Rc8 Ke8 44. h4 g6 45. c4 Rd3 46. c5
1-0

[Event "Eger Europe Chess"]
[Site "Eger"]
[Date "2001.02.19"]
[Round "4"]
[White "Nakamura, Hikaru"]
[Black "Rajlich, Vasik G"]
[Result "1/2-1/2"]
[WhiteElo "2365"]
[BlackElo "2365"]
[PlyCount "65"]
[EventDate "2001.02.??"]
[EventType "tourn"]
[EventRounds "9"]
[EventCountry "HUN"]
[EventCategory "4"]
[SourceTitle "EXT 2004"]
[Source "ChessBase"]
[SourceDate "2003.11.25"]
[SourceVersion "1"]
[SourceVersionDate "2003.11.25"]
[SourceQuality "1"]

1. e4 c5 2. Nf3 d6 3. d4 cxd4 4. Nxd4 Nf6 5. Nc3 g6 6. Be3 Bg7 7. f3 Nc6 8. Qd2
O-O 9. O-O-O d5 10. Nxc6 bxc6 11. exd5 Nxd5 12. Nxd5 cxd5 13. Qxd5 Qc7 14. Qc5
Qb8 15. Qa3 Be6 16. Bd3 Qe5 17. Bd2 Rab8 18. Bc3 Qg5+ 19. Kb1 Bxc3 20. Qxc3
Qxg2 21. Rdf1 Rfc8 22. Qd4 a5 23. h4 Rb4 24. Qe5 Bxa2+ 25. Kxa2 Rxc2 26. Rb1
Qd2 27. Rhd1 Rcxb2+ 28. Rxb2 Ra4+ 29. Kb3 Qxd1+ 30. Bc2 Rb4+ 31. Ka2 Rxb2+ 32.
Kxb2 Qxf3 33. Qxe7 1/2-1/2